| 000 | 00379cam a22001451 4500 | ||
|---|---|---|---|
| 040 | _cFO | ||
| 082 | _a338 IRW 1963 A108 Or. | ||
| 100 | 1 | _aKindleberger, Charles P., | |
| 245 | 1 | 0 | _aInternational economics. |
| 250 | _a3d ed. | ||
| 260 |
_aHomewood, Ill., _bR. D. Irwin, _c1963. |
||
| 300 |
_a686 p. _billus. _c24 cm. |
||
| 650 | 0 | _aInternational economic relations. | |
| 942 | _cEK | ||
| 999 |
_c16713 _d16713 |
||